Statistics for Linger - The Cranberries Lyrics

Click here to take the quiz!

General Stats

  • This quiz has been taken 129 times
  • The average score is 214 of 250

Answer Stats

Answer% Correct
I
100%
you,
100%
you
100%
you?
100%
You
100%
have
99%
to,
99%
to
99%
linger?
97%
a
96%
Do
96%
do
96%
it
96%
your
96%
let
94%
for
93%
fool
90%
me
90%
such
90%
finger
89%
go
89%
I'm
89%
know
89%
around
87%
wrapped
87%
got
86%
If
85%
if
85%
But
82%
could
82%
So
82%
so
82%
don't
80%
Don't
80%
in
80%
just
80%
the
80%
not
79%
we
79%
be
77%
every
77%
Is
77%
It's
77%
it's
77%
lie
77%
return
77%
Was
77%
was
77%
attitude
76%
burn
76%
game
76%
that
76%
deep
75%
her
75%
way
75%
would
75%
apart
73%
hand?
73%
time?
73%
all
72%
And
72%
holding
72%
ruining
72%
stand?
72%
tearing
72%
why
72%
fade
70%
Were
70%
were
70%
did
69%
Oh,
69%
get
68%
lying
68%
by
65%
day
63%
honey
63%
swore
63%
Trying
63%
wrong
63%
wrong,
63%
rude
62%
sure
62%
being
59%
confused
59%
true
59%
with
59%
want
58%
wouldn't
58%
Things
55%
thought
55%
feel
52%
of
52%
used
52%
Ah
49%
always
49%
nothing
49%
world
49%
really
48%
knew
44%

Score Distribution

Percentile by Number Answered

Percent of People with Each Score

Your Score History

You have not taken this quiz